LEADER 00911nam0-22002891i-450- 001 990004604710403321 005 19990530 035 $a000460471 035 $aFED01000460471 035 $a(Aleph)000460471FED01 035 $a000460471 100 $a19990530d1913----km-y0itay50------ba 101 0 $aita 105 $ay-------001yy 200 1 $a<>Elegies of Albius Tibullus$eThe Corpus Tibullianum edited with introduction and notes on books I,II, and IV, 2-14$fby Kirby Flower Smith 210 $aNew York$cAmerica Book Company$dc1913 215 $a542 p.$d21 cm 500 1 $aCorpus Tibullianum$917946 700 1$aTibullus,$bAlbius$f$0161758 702 1$aSmith,$bKirby Flower 801 0$aIT$bUNINA$gRICA$2UNIMARC 901 $aBK 912 $a990004604710403321 952 $aI A 27$bBIBL.24927$fFLFBC 959 $aFLFBC 996 $aElegiae$917946 997 $aUNINA LEADER 02489 am 2200541 n 450 001 9910418012703321 005 20200624 010 $a979-1-03-655617-3 024 7 $a10.4000/books.etnograficapress.6697 035 $a(CKB)5340000000006364 035 $a(FrMaCLE)OB-etnograficapress-6697 035 $a(oapen)https://directory.doabooks.org/handle/20.500.12854/40620 035 $a(PPN)248894900 035 $a(EXLCZ)995340000000006364 100 $a20200721j|||||||| ||| 0 101 0 $apor 135 $auu||||||m|||| 181 $ctxt$2rdacontent 182 $cc$2rdamedia 183 $acr$2rdacarrier 200 10$aAlfaia agrícola portuguesa /$fErnesto Veiga de Oliveira, Fernando Galhano, Benjamim Pereira 210 $aLisboa $cEtnográfica Press$d2020 215 $a1 online resource (404 p.) 311 $a972-20-1235-5 330 $aEste livro, que teve a sua primeira edição em 1977, propõe a síntese final dos estudos que se reportam aos modos e meios de agir sobre a terra e as suas produções, num quadro de vida rural anterior às inovações técnicas e tecnológicas traduzidas pela introdução de equipamentos e maquinarias industriais. Reeditá-lo hoje é reafirmar a sua importância intrínseca de estudo etnológico de grande relevância para a análise comparada no contexto europeu em que investigações semelhantes foram produzidas. Mas, com a passagem do tempo e as profundas transformações ocorridas na sociedade rural portuguesa, julgamos que esta obra adquire uma nova dimensão e perspectiva, pois é já enquanto documento do passado que ela vai ajudar a fazer a história e a melhor perceber os homens e as suas relações, numa sociedade agora evanescente. 606 $aHistory 606 $acultura popular 606 $aPortugal 606 $atecnologia tradicional 606 $autensílio agrícola 610 $autensílio agrícola 610 $atecnologia tradicional 610 $acultura popular 610 $aPortugal 615 4$aHistory 615 4$acultura popular 615 4$aPortugal 615 4$atecnologia tradicional 615 4$autensílio agrícola 700 $aOliveira$b Ernesto Veiga de$01233318 701 $aGalhano$b Fernando$01233319 701 $aPereira$b Benjamim$0543027 701 $aBrito$b J. Pais de$01302633 801 0$bFR-FrMaCLE 906 $aBOOK 912 $a9910418012703321 996 $aAlfaia agrícola portuguesa$93026417 997 $aUNINA LEADER 05526oam 2200769I 450 001 9910792153203321 005 20230126204526.0 010 $a1-135-01705-0 010 $a1-135-01706-9 010 $a0-203-75838-2 024 7 $a10.4324/9780203758380 035 $a(CKB)2560000000151664 035 $a(EBL)1344659 035 $a(SSID)ssj0001132983 035 $a(PQKBManifestationID)12411048 035 $a(PQKBTitleCode)TC0001132983 035 $a(PQKBWorkID)11155148 035 $a(PQKB)11056907 035 $a(MiAaPQ)EBC1344659 035 $a(Au-PeEL)EBL1344659 035 $a(CaPaEBR)ebr10875632 035 $a(CaONFJC)MIL762066 035 $a(OCoLC)881204398 035 $a(FINmELB)ELB132752 035 $a(EXLCZ)992560000000151664 100 $a20180706d2014 uy 0 101 0 $aeng 135 $aur|n|---||||| 181 $ctxt 182 $cc 183 $acr 200 00$aSomething's in the air $erace, crime, and the legalization of marijuana /$fedited by Katherine Tate, James Lance Taylor, and Mark Q. Sawyer 210 1$aNew York :$cRoutledge,$d2014. 215 $a1 online resource (385 p.) 300 $aDescription based upon print version of record. 311 $a0-415-84240-9 311 $a0-415-84239-5 320 $aIncludes bibliographical references and index. 327 $aCover; Half Title; Title Page; Copyright Page; Table of Contents; List of Figures and Tables; Editors' Introduction: Ending a War or Just California Dreamin'?; This Is Our Exit Strategy: The Case for Legalization; California Dreamin': The Case against Cannabis; The Chapters in This Volume; Notes; 1. Criminal Justice Costs of Prohibiting Marijuana in California; Existing Estimates of the Cost Marijuana Prohibition Imposes on California; Calculating the Costs for 2010; Community Corrections; Other Costs; Results; Discussion; Notes; 2. Public-Health Considerations in the Legalization Debate 327 $aDrugs, Drug Laws, and African AmericansCase Study: Marijuana Arrests in Illinois; Marijuana and the Community Justice Model; Other Public-Health Impacts of Criminalizing Marijuana; Conclusion; Notes; 3. The Paths Not (Yet) Taken: Lower Risk Alternatives to Full-Market Legalization of Cannabis; Reflections on Prop 19; Home Cultivation; The Dutch Cannabis Coffee-Shop System; Cannabis Clubs and Licensing Models; Conclusions; Notes; 4. Why Did Proposition 19 Fail?; Theoretical Foundations; Our Survey; Statewide Electoral Data; Conclusion; Notes 327 $a5. Winds of Change: Black Opinion on Legalizing MarijuanaGrowing Support in the Black Community; Explaining Black Support for the Legalization of Marijuana; Conclusion: A New Direction in the Debate; 6. The Highs and Lows of Support for Marijuana Legalization Among White Americans; Modern Debates over Marijuana Legalization; Generational Explanations are Insufficient; Putting the Marijuana Debate in Context; The Emergence of Medical Marijuana; Conclusion and Discussion; Notes; 7. Building Minority Community Power Through Legalization; Black Deviance-White Innocence 327 $aThe Blumstein Effect: The Problem with Race Disproportionality and the War on DrugsGetting High versus Getting Free: Legalization as a Step toward Carceral System Reform; Conclusion; Notes; 8. The Latino Politics of Proposition 19: Criminal Justice and Immigration; The Anti-Mexican History of Marijuana Laws; Criminal Justice Politics; Immigration Politics; Conclusion; Notes; 9. No Half-Measures: Mexico's Quixotic Policy on California's Proposition 19; Mexico's Battle against Organized Crime; U.S. Cooperation in the Drug War; Mexico as a Consumer Nation; Previous Mexican Drug Decriminalization 327 $aMexican Voices for Change in Drug PolicyQuestionable Potential of Proposition 19; Tracing Caldero?n's Statements on Proposition 19; An International Drug Prohibition Regime Change; Other Expert Analyses; Conclusions; Notes; 10. The "Chronic" and Coercion: Exploring How Legalizing Marijuana Might Get the U.S. Government off the Backs and Throats of Americans (or, Not); The War against the Chronic (or, the Chronic War); Legalization; Drug "Wars" and Breaking Blacks: On Disciplining and Punishing; Chronic Conclusions; Notes; References; List of Contributors; Index 330 $aIn this volume, contributors ask how would marijuana legalization affect communities of color? This timely collection of original essays analyzes the policy debate by a range of scholars addressing political, economic, health, and empowerment issues. 606 $aDrug legalization$xSocial aspects$zUnited States 606 $aMarijuana$zUnited States 606 $aAfrican Americans$xDrug use 606 $aHispanic Americans$xDrug use 606 $aDiscrimination in criminal justice administration$zUnited States 606 $aMinorities$zUnited States$xSocial conditions 615 0$aDrug legalization$xSocial aspects 615 0$aMarijuana 615 0$aAfrican Americans$xDrug use. 615 0$aHispanic Americans$xDrug use. 615 0$aDiscrimination in criminal justice administration 615 0$aMinorities$xSocial conditions. 676 $a362.29/50973 701 $aSawyer$b Mark Q.$f1972-$01481121 701 $aTate$b Katherine$01462851 701 $aTaylor$b James Lance$01481122 801 0$bMiAaPQ 801 1$bMiAaPQ 801 2$bMiAaPQ 906 $aBOOK 912 $a9910792153203321 996 $aSomething's in the air$93697970 997 $aUNINA